Tạp chí Khoa học Đại học Đồng Tháp

محفوظ في:
التفاصيل البيبلوغرافية
التنسيق: كتاب
اللغة:Undetermined
منشور في: Đồng Tháp Trường Đại học Đồng Tháp 2019
الموضوعات:
الوسوم: إضافة وسم
لا توجد وسوم, كن أول من يضع وسما على هذه التسجيلة!
Thư viện lưu trữ: Trung tâm Học liệu Trường Đại học Cần Thơ
LEADER 00518nam a2200169Ia 4500
001 CTU_233197
008 210402s9999 xx 000 0 und d
082 |a 378 
082 |b Kh401 
245 0 |a Tạp chí Khoa học Đại học Đồng Tháp 
245 0 |c Trường Đại học Đồng Tháp 
260 |a Đồng Tháp 
260 |b Trường Đại học Đồng Tháp 
260 |c 2019 
650 |a Education 
904 |i T.Trang 
980 |a Trung tâm Học liệu Trường Đại học Cần Thơ